| 000 | 00408nam a2200145Ia 4500 | ||
|---|---|---|---|
| 003 | GCL | ||
| 008 | 140319s9999 xx 000 0 eng d | ||
| 040 |
_aGCL / _cGCL |
||
| 082 | 0 | 4 |
_a658.409 _bM P |
| 100 | 1 | _aMEREDITH,JACK R. | |
| 245 | 1 | 0 |
_aPROJECT MANAGEMENT: AMANGERIAL APPROACH / _cMEREDITH,JACK R. |
| 700 | 1 | _aMANTEL,JR.SAMUEL J. | |
| 260 |
_a[S.N] : _bJOHN WILEY AND SONS. INC ، _c1989 |
||
| 300 | _a767 | ||
| 999 |
_c17035 _d17035 |
||